| 000 | 00730cam a2200241 a 4500 | ||
|---|---|---|---|
| 999 |
_c23254 _d23254 |
||
| 001 | vtls008640457 | ||
| 005 | 20220615112807.0 | ||
| 008 | 060329s2006 xr dl f 000 0dcze | ||
| 020 | _a8072015761 (brož.) | ||
| 040 |
_aSVKPO _bslo _cSVKPO _eAACR2 _dSNK |
||
| 041 | 0 | _acze | |
| 044 |
_axr _cCZ |
||
| 072 | 7 |
_a33 _xEkonómia _2konspekt |
|
| 080 |
_a338.12 _22001 |
||
| 080 |
_a(048.8) _22001 |
||
| 100 | 1 |
_aCzesaný, Slavoj, _d1940- _93080 |
|
| 245 | 1 | 0 |
_aHospodářský cyklus _bteorie, monitorování, analýza, prognóza _cSlavoj Czesaný |
| 250 | _a1. vyd. | ||
| 260 |
_aPraha _bLinde _c2006 |
||
| 300 |
_a199 s. _bgrafy, sch., tab. _c21 cm |
||
| 650 | 0 | 7 |
_ahospodárske cykly _2SNKPH _93081 |
| 655 | 7 |
_amonografie _2SNKPH _91661 |
|